La princesita que tenía los dedos mágicos / (Registro nro. 9242)

Detalles MARC
000 -LIDER
fixed length control field 00732nam a22002537a 4500
001 - NÚMERO DE CONTROL
Identificador de número de control 00091
003 - IDENTIFICACDOR DE NÚMERO DE CONTROL
control field DO-SdBNP
005 - DATE AND TIME OF LATEST TRANSACTION
control field 20221103101625.0
007 - CAMPOS FIJOS DE DESCRIPCIÓN FÍSICA
fixed length control field 00091
008 - ELEMENTOS DE LONGITUD FIJA
fixed length control field 160315b1984 sp ||| 00| 0 spa d
020 ## - ISBN
International Standard Book Number 8427933630
040 ## - FUENTE DE CATALOGACIÓN
Agencia que crea de manera original el registro BPMSU
Idioma de catalogación spa
Agencia que realiza la transcripción BPMSU
082 #4 - NÚMERO DE CLASIFICACIÓN DECIMAL DE DEWEY
Classification number 863.6
Item number G299p 1984
Edition number 22
100 1# - ASIENTO PRINCIPAL -- NOMBRE PERSONAL
Nombre personal Gefaell, María Luisa,
Fechas asociadas con el nombre 1918-1978
245 14 - MENCIÓN DE TITULO
Título La princesita que tenía los dedos mágicos /
Mención de responsabilidad María Luisa Gefaell
260 ## - PUBLICACIÓN, DISTRIBUCIÓN, ETC. (PIE DE IMPRENTA)
Lugar de publicación, distribución, etc Barcelona :
Nombre del editor, distribuidor, etc. Noguer,
Fecha de publicación, distribución, etc 1984.
300 ## - DESCRIPCIÓN FÍSICA
Extensión 121 p. :
Otros detalles físicos il.,
Dimensiones 19 cm.
490 0# - MENCIÓN DE SERIES
Mención de serie Mundo mágico,
Volume/sequential designation 49
590 ## - NOTA LOCAL
Enlace Inventariado, 2022/VM
650 #4 - ENCABEZAMIENTO DE MATERIA--TEMÁTICO
Término temático o nombre geográfico como elemento de entrada Cuentos infantiles españoles
650 #4 - ENCABEZAMIENTO DE MATERIA--TEMÁTICO
Término temático o nombre geográfico como elemento de entrada Literatura infantil española
910 ## - VALIDACIÓN
Validación VMateo V./Validado
942 ## - ADDED ENTRY ELEMENTS (KOHA)
Source of classification or shelving scheme Dewey Decimal Classification
Koha item type Libros
Existencias
Withdrawn status Lost status Source of classification or shelving scheme Damaged status Not for loan Collection code Home library Current library Date acquired Source of acquisition Full call number Barcode Date last seen Price effective from Koha item type
    Dewey Decimal Classification     Colección General Biblioteca Pública Metropolitana Salomé Ureña Biblioteca Pública Metropolitana Salomé Ureña 03/15/2016 Donación BPMSU CGI 863.6 G299p 1984 BPMSU16030119 03/15/2016 03/15/2016 Libros